000 00546nam a2200193Ia 4500
005 20250326142125.0
008 250326s9999 xx 000 0 und d
020 _a0-521-32527-7
037 _aTextbook
040 _aFMSL
_beng
_cFMSL
041 _aeng
_2eng
084 _aX:81 M6
_qFMSL
100 _aLevi Isaac
245 0 _aHard choices : decision making under unrresolved conflict
_cLevi Isaac
260 _aLondon
_bLondon, Cambridge Univ.
_c1986
300 _axii,250
942 _cTB
_hX:81 M6
999 _c1293549
_d1293549